MARC details
| 000 -CABECERA |
| campo de control de longitud fija |
02028cam a2200361 a 4500 |
| 001 - NÚMERO DE CONTROL |
| campo de control |
991106746994506196 |
| 005 - FECHA Y HORA DE LA ÚLTIMA TRANSACCIÓN |
| campo de control |
20250626101901.0 |
| 008 - DATOS DE LONGITUD FIJA--INFORMACIÓN GENERAL |
| campo de control de longitud fija |
000621s2000 enk b 000 1 eng d |
| 010 ## - NÚMERO DE CONTROL DE LA BIBLIOTECA DEL CONGRESO |
| Número de control de LC |
92050221 |
| 020 ## - NÚMERO INTERNACIONAL ESTÁNDAR DEL LIBRO |
| Número Internacional Estándar del Libro |
9780141182803 |
| 035 ## - NÚMERO DE CONTROL DEL SISTEMA |
| Número de control de sistema |
(UTL)7825676-01utoronto_inst |
| 035 ## - NÚMERO DE CONTROL DEL SISTEMA |
| Número de control de sistema |
(SIRSI)7825676 |
| 040 ## - FUENTE DE LA CATALOGACIÓN |
| Centro catalogador/agencia de origen |
CaOTU |
| Lengua de catalogación |
eng |
| Centro/agencia transcriptor |
UKM |
| Centro/agencia modificador |
UTO |
| -- |
CaQMM |
| 041 ## - CÓDIGO DE LENGUA |
| Código de lengua del texto/banda sonora o título independiente |
eng |
| 050 ## - SIGNATURA TOPOGRÁFICA DE LA BIBLIOTECA DEL CONGRESO |
| Número de clasificación |
PR6019.J89 |
| Número de documento/Ítem |
U47 2000 |
| 100 ## - ENTRADA PRINCIPAL--NOMBRE DE PERSONA |
| Nombre de persona |
Joyce, James |
| Fechas asociadas al nombre |
1882-1941 |
| 9 (RLIN) |
25592 |
| Término indicativo de función/relación |
author |
| 245 10 - MENCIÓN DE TÍTULO |
| Título |
Ulysses |
| Mención de responsabilidad, etc. |
/ James Joyce. |
| 250 ## - MENCIÓN DE EDICIÓN |
| Mención de edición |
Annotated students' edition |
| 260 ## - PUBLICACIÓN, DISTRIBUCIÓN, ETC. |
| Lugar de publicación, distribución, etc. |
London : |
| Nombre del editor, distribuidor, etc. |
Penguin, |
| Fecha de publicación, distribución, etc. |
2000. |
| 300 ## - DESCRIPCIÓN FÍSICA |
| Extensión |
lxxxviii, 939 pages ; |
| Dimensiones |
20 cm. |
| 504 ## - NOTA DE BIBLIOGRAFÍA, ETC. |
| Nota de bibliografía, etc. |
Includes bibliographical references. |
| 505 ## - NOTA DE CONTENIDO CON FORMATO |
| Nota de contenido con formato |
This students' edition includes notes by Declan Kiberd. |
| 520 ## - SUMARIO, ETC. |
| Sumario, etc. |
Everybody knows now that Ulysses is the greatest novel of the century' Anthony Burgess, Observer Following the events of one single day in Dublin, the 16th June 1904, and what happens to the characters Stephen Dedalus, Leopold Bloom and his wife Molly, Ulysses is a monument to the human condition. It has survived censorship, controversy and legal action, and even been deemed blasphemous, but remains an undisputed modernist classic: ceaselessly inventive, garrulous, funny, sorrowful, vulgar, lyrical and ultimately redemptive. It confirms Joyce's belief that literature 'is the eternal affirmation of the spirit of man'. 'The most important expression which the present age has found; it is a book to which we are all indebted, and from which none of us can escape' T. S. Eliot 'Intoxicating ... a towering work, in its word play surpassing even Shakespeare. |
| 650 #0 - PUNTO DE ACCESO ADICIONAL DE MATERIA--TÉRMINO DE MATERIA |
| Término de materia o nombre geográfico como elemento de entrada |
Alienation (Social psychology) |
| Subdivisión de forma |
Fiction |
| 9 (RLIN) |
25593 |
| 650 #0 - PUNTO DE ACCESO ADICIONAL DE MATERIA--TÉRMINO DE MATERIA |
| Término de materia o nombre geográfico como elemento de entrada |
City and town life |
| Subdivisión de forma |
Fiction |
| 9 (RLIN) |
25594 |
| 650 #0 - PUNTO DE ACCESO ADICIONAL DE MATERIA--TÉRMINO DE MATERIA |
| Término de materia o nombre geográfico como elemento de entrada |
Male friendship |
| Subdivisión de forma |
Fiction |
| 9 (RLIN) |
24399 |
| 650 #0 - PUNTO DE ACCESO ADICIONAL DE MATERIA--TÉRMINO DE MATERIA |
| Término de materia o nombre geográfico como elemento de entrada |
Married people |
| Subdivisión de forma |
Fiction |
| 9 (RLIN) |
23930 |
| 650 #0 - PUNTO DE ACCESO ADICIONAL DE MATERIA--TÉRMINO DE MATERIA |
| Término de materia o nombre geográfico como elemento de entrada |
Jewish men |
| Subdivisión de forma |
Fiction |
| 9 (RLIN) |
25595 |
| 650 #0 - PUNTO DE ACCESO ADICIONAL DE MATERIA--TÉRMINO DE MATERIA |
| Término de materia o nombre geográfico como elemento de entrada |
Artists |
| Subdivisión de forma |
Fiction |
| 9 (RLIN) |
25596 |
| 651 #0 - PUNTO DE ACCESO ADICIONAL DE MATERIA--NOMBRE GEOGRÁFICO |
| Nombre geográfico |
Dublin (Ireland) |
| Subdivisión de forma |
Fiction |
| 9 (RLIN) |
25597 |
| 700 ## - ENTRADA AGREGADA--NOMBRE PERSONAL |
| Nombre de persona |
Kiberd, Declan |
| 9 (RLIN) |
25598 |
| 942 ## - ELEMENTOS DE ENTRADA AGREGADA (KOHA) |
| Fuente del sistema de clasificación o colocación |
Clasificación de Library of Congress |